000 00368nam a2200121Ia 4500
008 220216s9999 xx 000 0 und d
100 _aDe Silva C A
245 0 _aPerformance of RRIC clones under Ceylon conditions
260 _bProceedings of the Natural Rubber Research Conference, Kuala Lumpur, 1960; p378-391
650 _aCeylon
650 _aHevea
942 _cJS
999 _c64768
_d64768